Die 20 friedlichsten Länder der Welt - Statistiken

Allgemein
  • Dieses Quiz wurde 582 mal gespielt
  • Das Durchschnittsergebnis liegt bei 13 aus 20
Antwortstatistiken
Index Land % Korrekt
1.516 Schweden
90%
1.486 Norwegen
89%
1.373 Schweiz
88%
1.500 Deutschland
85%
1.515 Finnland
85%
1.337 Dänemark
76%
1.111 Island
73%
1.265 Österreich
73%
1.371 Kanada
71%
1.525 Niederlande
68%
1.425 Australien
65%
1.525 Belgien
65%
1.241 Neuseeland
62%
1.408 Irland
59%
1.408 Japan
52%
1.258 Portugal
49%
1.360 Tschechien
36%
1.364 Slowenien
32%
1.494 Ungarn
29%
1.474 Bhutan
14%
Keine übereinstimmenden Quizze gefunden
Verteilung der Resultate
Anzahl Personen mit jedem Resultat
Perzentil nach korrekt beantworteten Fragen
Ihre Resultats-Entwicklung
Sie haben dieses Quiz noch nicht gespielt